Порівняльний аналіз політичних промов Гіларі Клінтон та Юлії Тимошенко (Запис № 285444)

МАРК-запис
000 -LEADER
fixed length control field 02060nam a22001577a 4500
041 ## - LANGUAGE CODE
Language code of text/sound track or separate title ukr
080 ## - UNIVERSAL DECIMAL CLASSIFICATION NUMBER
Universal Decimal Classification number 09
090 ## - LOCALLY ASSIGNED LC-TYPE CALL NUMBER (OCLC); LOCAL CALL NUMBER (OCLC)
Local cutter number (OCLC) ; Book number/undivided call number, CALL (RLIN) КУХ
100 ## - MAIN ENTRY--PERSONAL NAME
Personal name Кухновець, Т. Ю.
245 ## - TITLE STATEMENT
Title Порівняльний аналіз політичних промов Гіларі Клінтон та Юлії Тимошенко
260 ## - PUBLICATION, DISTRIBUTION, ETC. (IMPRINT)
Place of publication, distribution, etc Острог
Name of publisher, distributor, etc КАФ
Date of publication, distribution, etc 2014
300 ## - PHYSICAL DESCRIPTION
Extent 63
520 ## - SUMMARY, ETC.
Summary, etc Вступ.<br/>Розділ І. Політична промова як обєкт лінгвістичного дослідження.<br/>1.1. Поняття політичної комунікації<br/>1.2. Лінгвістичний аналіз політичної промови як складової процесу політичної комунікації<br/>Розділ ІІ. Лексико-стилістичний аналіз політичних промов<br/>2.1. Стилістичні маркери політичних промов<br/>2.2. Лексичні показники політичних промов<br/>2.3. Роль концептуальних метафор у текстах політичних промов<br/>Розділ ІІІ. Порівняльний аналіз політичних промов екс-держсекретаря США Гіларі Клінтон та екс-премєр-міністра України Юлії Тимошенко.<br/>3.1. Концептуальні метафори у промові Гіларі Клінтон<br/>3.2. Концептуальні метафори у промові Юлії Тимошенко<br/>3.3. Порівняльний аналіз концептуальних метафор у промовах політиків<br/>3.3.1. Порівняльний аналіз концепту "дороги"<br/>3.3.2. Порівняльний аналіз концепту "будівництва"<br/>Висновки.<br/>Список використаних джерел.<br/>Додатки.
-- політична промова, метафора, комунікація
650 ## - SUBJECT ADDED ENTRY--TOPICAL TERM
Topical term or geographic name as entry element Research Papers
942 ## - ADDED ENTRY ELEMENTS (KOHA)
Koha item type Книги
Фонди
Withdrawn status Lost status Source of classification or shelving scheme Damaged status Not for loan Home library Current library Date acquired Source of acquisition Cost, normal purchase price Total Checkouts Full call number Barcode Date last seen Price effective from Koha item type
    Universal Decimal Classification     ВІЛ - Відділ іноземн. літератури НБ ВІЛ - Відділ іноземн. літератури НБ 17/06/2014 Акт №8 1.00   09 215473 10/11/2021 17/06/2014 Книги